<?xml version="1.0" encoding="UTF-8"?>
<record
    xmlns:xsi="http://www.w3.org/2001/XMLSchema-instance"
    xsi:schemaLocation="http://www.loc.gov/MARC21/slim http://www.loc.gov/standards/marcxml/schema/MARC21slim.xsd"
    xmlns="http://www.loc.gov/MARC21/slim">

  <leader>01182nam a2200313Ia 4500</leader>
  <controlfield tag="001">Z_4235</controlfield>
  <controlfield tag="003">CHAP</controlfield>
  <controlfield tag="008">220113s2=00    xx            000 0 und d</controlfield>
  <datafield tag="010" ind1=" " ind2=" ">
    <subfield code="a">167297</subfield>
  </datafield>
  <datafield tag="040" ind1=" " ind2=" ">
    <subfield code="c">CHAP</subfield>
  </datafield>
  <datafield tag="090" ind1=" " ind2=" ">
    <subfield code="a">Tesis R63 1627</subfield>
  </datafield>
  <datafield tag="100" ind1=" " ind2=" ">
    <subfield code="a">Rodr&#xED;guez Casta&#xF1;eda, Berta</subfield>
    <subfield code="9">140675</subfield>
  </datafield>
  <datafield tag="245" ind1=" " ind2=" ">
    <subfield code="a">Evaluaci&#xF3;n y reestructuraci&#xF3;n del plan de estudios en zootecnia  /</subfield>
    <subfield code="c"> Berta Rodr&#xED;guez Casta&#xF1;eda</subfield>
  </datafield>
  <datafield tag="260" ind1=" " ind2=" ">
    <subfield code="a">M&#xE9;xico  :</subfield>
    <subfield code="b">El autor,</subfield>
    <subfield code="c">2002</subfield>
  </datafield>
  <datafield tag="300" ind1=" " ind2=" ">
    <subfield code="a">206 h. ; Gr&#xE1;fs.  ; cuadros</subfield>
  </datafield>
  <datafield tag="502" ind1=" " ind2=" ">
    <subfield code="a">Tesis (Maestro en Procesos educativos Divisi&#xF3;n de Ciencias Econ&#xF3;mico-Administrativas) --  UACh, 2002 \ Direcci&#xF3;n: Liberio Victorino Ram&#xED;rez; asesor&#xED;a: Dennis Paul Huffman Schwocho y Jos&#xE9; Rodolfo Oliveros Angeles</subfield>
  </datafield>
  <datafield tag="650" ind1=" " ind2=" ">
    <subfield code="a">Ganader&#xED;a</subfield>
    <subfield code="x">Planes de estudio </subfield>
    <subfield code="9">44836</subfield>
  </datafield>
  <datafield tag="650" ind1=" " ind2=" ">
    <subfield code="a">UACH</subfield>
    <subfield code="x">Planes de estudio </subfield>
    <subfield code="9">115804</subfield>
  </datafield>
  <datafield tag="650" ind1=" " ind2=" ">
    <subfield code="a">Zootecnia</subfield>
    <subfield code="x">Planes de estudio</subfield>
    <subfield code="9">141463</subfield>
  </datafield>
  <datafield tag="700" ind1=" " ind2=" ">
    <subfield code="a"> Huffman Schwocho, Dennis Paul, asesor </subfield>
    <subfield code="9">141464</subfield>
  </datafield>
  <datafield tag="700" ind1=" " ind2=" ">
    <subfield code="a"> Oliveros Angeles, Jos&#xE9; Rodolfo, asesor</subfield>
    <subfield code="9">141465</subfield>
  </datafield>
  <datafield tag="700" ind1=" " ind2=" ">
    <subfield code="a">Ram&#xED;rez, Liberio Victorino, director </subfield>
    <subfield code="9">141466</subfield>
  </datafield>
  <datafield tag="901" ind1=" " ind2=" ">
    <subfield code="a">TESIS R63 1627</subfield>
  </datafield>
  <datafield tag="902" ind1=" " ind2=" ">
    <subfield code="a">M</subfield>
  </datafield>
  <datafield tag="910" ind1=" " ind2=" ">
    <subfield code="a">2=00</subfield>
  </datafield>
  <datafield tag="942" ind1=" " ind2=" ">
    <subfield code="c">2</subfield>
  </datafield>
  <datafield tag="942" ind1=" " ind2=" ">
    <subfield code="c">2</subfield>
  </datafield>
  <datafield tag="999" ind1=" " ind2=" ">
    <subfield code="c">167297</subfield>
    <subfield code="d">167297</subfield>
  </datafield>
  <datafield tag="952" ind1=" " ind2=" ">
    <subfield code="0">0</subfield>
    <subfield code="1">0</subfield>
    <subfield code="2">local</subfield>
    <subfield code="4">0</subfield>
    <subfield code="5">1</subfield>
    <subfield code="7">0</subfield>
    <subfield code="8">TESIS</subfield>
    <subfield code="a">Z</subfield>
    <subfield code="b">Z</subfield>
    <subfield code="d">2005-11-09</subfield>
    <subfield code="e">El autor</subfield>
    <subfield code="l">0</subfield>
    <subfield code="o">Tesis R63 1627 2002</subfield>
    <subfield code="p">5101002660</subfield>
    <subfield code="r">2022-01-18 00:00:00</subfield>
    <subfield code="t">Ej.1</subfield>
    <subfield code="w">2022-01-18</subfield>
    <subfield code="y">TESIS</subfield>
  </datafield>
  <datafield tag="952" ind1=" " ind2=" ">
    <subfield code="0">0</subfield>
    <subfield code="1">0</subfield>
    <subfield code="2">local</subfield>
    <subfield code="4">0</subfield>
    <subfield code="5">5</subfield>
    <subfield code="7">0</subfield>
    <subfield code="8">TESIS</subfield>
    <subfield code="a">Z</subfield>
    <subfield code="b">Z</subfield>
    <subfield code="d">2005-11-09</subfield>
    <subfield code="e">El autor</subfield>
    <subfield code="l">0</subfield>
    <subfield code="o">Tesis R63 1627 2002</subfield>
    <subfield code="p">5101002661</subfield>
    <subfield code="r">2022-01-18 00:00:00</subfield>
    <subfield code="t">Ej.2</subfield>
    <subfield code="w">2022-01-18</subfield>
    <subfield code="y">TESIS</subfield>
  </datafield>
</record>
